MARC

LEADER 00000nam0a2200000 4500
001 256476
005 20231101233123.0
035 |a (RuTPU)RU\TPU\book\279171 
090 |a 256476 
100 |a 20140409d1969 k y0rusy50 ca 
101 0 |a rus 
102 |a RU 
105 |a a z 001zy 
200 1 |a Турбины и реактивные сопла на двухфазных потоках  |f В. Д. Венедиктов 
210 |a Москва  |c Машиностроение  |d 1969 
215 |a 196 с.  |c ил. 
320 |a Библиогр.: с. 192-194. 
606 1 |a Газовые турбины  |2 stltpush  |3 (RuTPU)RU\TPU\subj\4753  |9 32979 
606 1 |a Двухфазные потоки  |x Теплообмен  |2 stltpush  |3 (RuTPU)RU\TPU\subj\8969  |9 36273 
610 1 |a гидродинамика 
610 1 |a сопла 
610 1 |a двухфазные смеси 
610 1 |a течение 
610 1 |a работа 
610 1 |a влажный пар 
610 1 |a расход 
610 1 |a истечение 
675 |a 621.438  |v 3 
675 |a 532.529.5  |v 3 
700 1 |a Венедиктов  |b В. Д. 
801 1 |a RU  |b 63413507  |c 20140409 
801 2 |a RU  |b 63413507  |c 20180531  |g RCR 
942 |c BK